Yellow 🟡 logos - Statistics

General Stats
  • This quiz has been taken 1,764 times
  • The average score is 7 of 12
Answer Stats
Picture Answer % Correct
Pokemon
87%
Reeses
79%
McDonald's
77%
National Geographic
75%
Toy Story
63%
Best Buy
62%
Nikon
60%
Chupa Chups
58%
DHL
47%
Hertz
42%
Caterpillar
40%
UHU
21%
No matching quizzes found
Score Distribution
Percent of People with Each Score
Percentile by Number Answered
Your Score History
You have not taken this quiz